Régions d’Ukraine sur une carte - Statistiques

Statistiques générales
  • Ce quiz a été pris 665 fois
  • Le résultat moyen est 13 sur 27
Réponses sur la Carte
Les réponses sont colorées sur une échelle allant du rouge au vert en fonction du pourcentage des utilisateurs qui les ont devinées à leur premier essai. Vous pouvez retrouver ces pourcentages ci-dessous.
 
Statistiques - réponses
Région % Correct
Kiev
97%
Kiev (Ville)
96%
Crimée
93%
Donetsk
85%
Odessa
85%
Lviv
80%
Kharkiv
79%
Louhansk
71%
Sébastopol
71%
Kherson
61%
Dnipropetrovsk
58%
Soumy
45%
Zaporijjia
39%
Mykolaïv
38%
Tchernihiv
35%
Poltava
31%
Transcarpatie
30%
Ivano-Frankivsk
28%
Rivne
28%
Ternopil
28%
Jytomyr
24%
Tcherkassy
22%
Vinnytsia
21%
Tchernivtsi
20%
Volhynie
19%
Kirovohrad
13%
Khmelnytskyï
10%
Aucun quiz correspondant
Distribution des résultats
% des personnes avec chaque résultat
Percentile par nombre de réponses
Votre historique - résultats
Vous n’avez pas pris ce quiz